| 000 | 00682nam a22002055i 4500 | ||
|---|---|---|---|
| 001 | 152697 | ||
| 003 | ES-MaACL | ||
| 005 | 20251217063019.0 | ||
| 008 | 040721s1874 gw |||| | eng d | ||
| 040 |
_aCAM _bspa _cCAM |
||
| 080 | _a821.111(73)-32"18" | ||
| 100 | 1 |
_aHarte, Bret, _d1839-1902 _961971 |
|
| 245 | 1 | 0 |
_aIdyls of the foothills _b: in prose and verse / _cby Bret Harte. |
| 260 |
_aLeipzig : _bBernhard Tauchnitz, _c1874. |
||
| 300 |
_a279 p. ; _c17 cm. |
||
| 490 | 1 |
_aCollection of British Authors ; _v1450 |
|
| 830 | 0 |
_aCollection of British Authors ; _v1450 _9180703 |
|
| 852 |
_aES-MaACL _jG-12455 _z-- Enc. pasta espaƱola |
||
| 999 |
_c152697 _d152697 |
||